000 00818 a2200193 4500
005 20240802141845.0
010 _aB-758946
020 _a9789395213073
_c350.00
035 _aB-758946
037 _bउपहार
082 _a
100 _aभोला, संजय
_969315
245 _aमाँ कौन ?/
_cसंजय भोला
260 _aफरीदाबाद
_bउत्कृष्ट साहित्य सदन
_c2022
270 _a750 IST फ्लोर कविता नुर्सिंग होम के पास सेक्टर-29
_bफरीदाबाद
_e121008
300 _a80 पृष्ठ.;
_c25cm. (आजिल्द)
942 _adpl
_cCH
_2ddc
_h
_mभोलासं
999 _c202675
_d202675